000 01534nam a2200277Ia 4500
003 OSt
005 20250822104903.0
008 220909b |||||||| |||| 00| 0 eng d
020 _a9788131604731
037 _cTextual
040 _aCSL
_beng
_cCSL
041 _aeng
084 _aH4 N8;8
_qCSL
100 _aBloom, Arthur L
_eauthor
245 0 _aGeomorphology
_b: A systematic analysis of late cenozoic landforms
250 _a3rd ed.
260 _aNew Delhi :
_bRawat Publications,
_c1998.
300 _axi, 482p.
_b: ill.
500 _aAuthor Index 461-472p.; Subject Index 473-482p.; Reprint 2012.
520 _aGeomorphology was written for students who have taken at least one introductory course in geology or physical geography. Appropriate intermediate level courses in geomorphology, process geomorphology, or landforms, offered in geoscience, geography, or environmental science departments.A systematic analysis of landforms of the late Cenzoic Era that fully covers the constructional processes of tectonism and volcanism and the erosional processes of weathering, fluvial erosion, glaciers, winds, and waves. It explains each set of processes and the resulting landforms in a separate chapter to provide a comprehensive overview of the subject.
650 _a Glacial geomorphology
_9818545
650 _a Landscape evolution
_9818546
650 _aVolcanoes
_9733739
942 _hH4 N8;8
_cTEXL
_2CC
_n0
999 _c11845
_d11845